000
00310nam a2200109 4500
008
160623b xxu||||| |||| 00| 0 eng d
100
_9
803
_a
Jaffe, B
245
_a
Crucibles: The Story of Chemistry
260
_a
N.Y
_b
Fawcett World Library
_c
1957
300
_a
Crucibles: The Story of Chemistry
942
_2
ddc
_c
BK
999
_c
640
_d
640